000 00692nam a22001937a 4500
999 _c7368
_d7368
003 OSt
005 20210921175705.0
008 210921b ||||| |||| 00| 0 eng d
020 _a9788409327102
040 _aCDMR
_bcat
_cc
100 1 _9417
_aGuillamet, Jaume
245 _aEl setmanari L'Opinió i la fundació d'Esquerra Republicana de Catalunya (1928-1931) /
_cJaume Guillamet Lloveras
260 _aBarcelona
_bFundació Josep Irla
_c2021
300 _a185 pàgines ; il·lustracions
610 0 _94663
_aL'Opinió (Diari)
_xHistòria
610 0 _94664
_aEsquerra Republicana de Catalunya
_xHistòria
650 0 _94089
_aPremsa i política
_xHistòria
_yS. XX
_zCatalunya
942 _2udc
_cMON